| Tag |
First Indicator |
Second Indicator |
Subfields |
| LEADER |
00000cam a2200000Ka 4500 |
| 001 |
in00002738621 |
| 005 |
20190331170309.0 |
| 006 |
m d |
| 007 |
cr cnu---unuuu |
| 008 |
120120s2008 ne ob 001 0 eng d |
| 019 |
|
|
|a 666941240
|
| 020 |
|
|
|a 9789491216350 (electronic bk.)
|
| 020 |
|
|
|a 949121635X (electronic bk.)
|
| 020 |
|
|
|z 9789078677062
|
| 020 |
|
|
|a 9786611804251
|
| 020 |
|
|
|a 6611804250
|
| 035 |
|
|
|a (OCoLC)ocn773376239
|
| 035 |
|
|
|a (OCoLC)773376239
|z (OCoLC)666941240
|
| 040 |
|
|
|a GW5XE
|c GW5XE
|d IDEBK
|d UtOrBLW
|
| 049 |
|
|
|a TXAC
|
| 050 |
|
4 |
|a QA612
|b .A74 2008
|
| 082 |
0 |
4 |
|a 514/.2
|2 23
|
| 084 |
|
|
|a 31.30
|2 bcl
|
| 100 |
1 |
|
|a Arkhangelʹskiĭ, A. V.
|
| 245 |
1 |
0 |
|a Topological groups and related structures /
|c Alexander Arhangel'skii, Mikhail Tkachenko.
|
| 264 |
|
1 |
|a Amsterdam ;
|a Paris :
|b Atlantis Press,
|c [2008]
|
| 264 |
|
4 |
|c ©2008
|
| 300 |
|
|
|a 1 online resource.
|
| 336 |
|
|
|a text
|b txt
|2 rdacontent
|
| 337 |
|
|
|a computer
|b c
|2 rdamedia
|
| 338 |
|
|
|a online resource
|b cr
|2 rdacarrier
|
| 490 |
1 |
|
|a Atlantis studies in mathematics,
|x 1875-7634 ;
|v 1
|
| 504 |
|
|
|a Includes bibliographical references and indexes.
|
| 505 |
0 |
|
|a Introduction to topological groups and semigroups -- Right topological and semitopological groups -- Topological groups : basic constructions -- Some special classes of topological groups -- Cardinal invariants of topological groups -- Moscow topological groups and completions of groups -- Free topological groups -- R-factorizable topological groups -- Compactness and its generalizations in topological groups -- Actions of topological groups on topological spaces.
|
| 500 |
|
|
|a Electronic resource.
|
| 650 |
|
0 |
|a Algebraic topology.
|
| 653 |
|
4 |
|a Mathematics
|
| 653 |
|
4 |
|a Group theory
|
| 653 |
|
4 |
|a Algebraic topology
|
| 653 |
|
4 |
|a Group Theory and Generalizations
|
| 650 |
0 |
7 |
|a Topologische Gruppe.
|2 swd
|
| 655 |
|
7 |
|a Electronic books.
|2 local
|
| 700 |
1 |
|
|a Tkachenko, Mikhail.
|
| 776 |
0 |
8 |
|i Print version:
|a Arkhangelʹskiĭ, A.V.
|t Topological groups and related structures.
|d Amsterdam : Atlantis Press ; Singapore : World Scientific, c2008
|z 9789078677062
|w (OCoLC)191658547
|
| 830 |
|
0 |
|a Atlantis studies in mathematics ;
|v 1.
|
| 856 |
4 |
0 |
|u http://proxy.library.tamu.edu/login?url=http://www.springerlink.com/content/978-94-91216-35-0
|z Connect to the full text of this electronic book
|t 0
|
| 994 |
|
|
|a 92
|b TXA
|
| 999 |
|
|
|a MARS
|
| 999 |
f |
f |
|s cfb1c1f6-5526-3d90-ad62-eb7e6fe42edc
|i 869123c7-ccbd-3a4b-b3f2-17490660088a
|t 0
|
| 952 |
f |
f |
|a Texas A&M University
|b College Station
|c Electronic Resources
|d Available Online
|t 0
|e QA612 .A74 2008
|h Library of Congress classification
|
| 998 |
f |
f |
|a QA612 .A74 2008
|t 0
|l Available Online
|